01231nam a2200313Ia 4500001001200000003000800012006001900020007001500039008004100054020002200095020002500117020001800142040002100160035002100181050002400202082001500226245015100241260004600392300001500438504005000453533015200503650001900655650003600674655002900710700001800739710001700757856012600774999001700900ebr10684574CaPaEBRm u cr cn|||||||||061024s2007 enk sb 000 0 eng d z1905246560 (hbk.) z9781905246564 (hbk.) z9789004213449 aCaPaEBRcCaPaEBR a(OCoLC)60856202214aPN1083b.T73 2007eb04a808.8122300aTransports of delighth[electronic resource] :ban aromatic journey in verse from East to West on the wings of perfume /c[edited by] David Pybus. aFolkestone, UK :bGlobal Oriental,c2007. axi, 131 p. aIncludes bibliographical references (p. 131). aElectronic reproduction.bPalo Alto, Calif. :cebrary,d2013.nAvailable via World Wide Web.nAccess may be limited to ebrary affiliated libraries. 0aOdorsvPoetry. 0aOdorsvQuotations, maxims, etc. 7aElectronic books.2local1 aPybus, David.2 aebrary, Inc.40uhttp://site.ebrary.com/lib/rucke/Doc?id=10684574zAn electronic book accessible through the World Wide Web; click to view c12883d12883